|
|
|
|
| LEADER |
01125nab#a2200385#ar4500 |
| 001 |
000041002 |
| 003 |
SVKKK |
| 005 |
00000000000000.0 |
| 008 |
c xo e sloo |
| FMT |
|
|
|
| 038 |
|
|
|a SVKKK
|
| 040 |
|
|
|a SVKKK
|b slo
|e AACR2
|
| 041 |
1 |
|
|a slo
|h HUN
|
| 044 |
|
|
|a xo
|c SK
|
| 080 |
|
|
|a 373.
|2 1981
|
| 080 |
|
|
|a 378.
|2 1981
|
| 100 |
0 |
|
|a -laj-
|4 aut
|
| 242 |
1 |
|
|b Každú formu dobrej informovanosti treba využívať
|
| 242 |
1 |
0 |
|a Vzdelávanie - dobrá investícia
|
| 245 |
1 |
0 |
|a A művel‹dés - jó befektetés :
|b A tájékozottság b‹vítésének minden módját ki kell használni
|c -laj- ... [et al.]
|
| 300 |
|
|
|b Fotogr. 3
|
| 650 |
0 |
4 |
|a školy stredoškolské
|
| 650 |
0 |
4 |
|a štúdium vysokoškolské
|x podpory finančné
|x riporty
|
| 650 |
0 |
4 |
|a štúdium zahraničné
|
| 700 |
0 |
|
|a -laj-
|4 aut
|
| 700 |
1 |
|
|a Pániková, Alena
|4 aut
|
| 700 |
1 |
|
|a Štulajterová, Katarína
|4 aut
|
| 700 |
1 |
|
|a Šubeníková, Oľga
|4 aut
|
| 773 |
0 |
|
|t Életünk
|g Roč. 3, č. 5(1998), s. 9
|
| 958 |
|
|
|a PED
|
| 974 |
|
|
|d 980323
|a Fa
|
| 992 |
|
|
|a RBX
|
| BAS |
|
|
|
| 852 |
|
|
|a SVKKK
|b BIB
|
| 998 |
|
|
|a REG
|